| 000 | 00696nam a2200205 a 4500 | ||
|---|---|---|---|
| 001 | 001017643 | ||
| 003 | AM-YeHGA | ||
| 005 | 20250618074300.0 | ||
| 008 | 140513s2014 ir r 000 0 arm d | ||
| 040 | _aAM-YeHGA | ||
| 041 | 0 | _aarm | |
| 100 | 0 |
_aԹեոդիկ, _d1873-1928 _93525 |
|
| 245 | 1 | 0 |
_aԳողգոթա : _bՀայ հոգեւորականութեան եւ իր հօտին աղէտալի 1915 տարիին / _cԹեոդիկ. |
| 250 | _a2-րդ տպագրութիւն | ||
| 260 |
_aԹեհրան : _bԱ.հ., _c2014. |
||
| 300 |
_a842 էջ. _e+CD |
||
| 610 | 2 | 0 | _aՀայ առաքելական եկեղեցի |
| 650 | 1 | 4 | _aՀայոց ցեղասպանություն, 1915-1923 |
| 090 | _c337184 | ||
| 999 |
_c335412 _d335412 |
||